Celostná pripravenosť ľudských zdrojov pre pracovné uplatnenie

Požiadavky trhu práce a ich odraz vo vzdelávaní. Analýza požiadaviek na výkon pracovných činností a jej význam pri príprave kvalifikovaných ľudských zdrojov. Príprava vzdelávania v súčasnom dynamickom prostredí. Rozhodujúce faktory, ktoré môžu ovplyvniť zamestnateľnosť.

Gespeichert in:
Bibliographische Detailangaben
1. Verfasser: Matulčíková, Marta, 1964-
Format: Buchkapitel
Sprache:Slowakisch
Schlagworte:
Tags: Tag hinzufügen
Keine Tags, Fügen Sie das erste Tag hinzu!

MARC

LEADER 00000naa a2200000 4500
001 0146297
005 20240502083337.2
041 0 |a slo 
044 |a CZ 
245 1 0 |a Celostná pripravenosť ľudských zdrojov pre pracovné uplatnenie  |c Marta Matulčíková 
520 |a Požiadavky trhu práce a ich odraz vo vzdelávaní. Analýza požiadaviek na výkon pracovných činností a jej význam pri príprave kvalifikovaných ľudských zdrojov. Príprava vzdelávania v súčasnom dynamickom prostredí. Rozhodujúce faktory, ktoré môžu ovplyvniť zamestnateľnosť. 
610 2 0 |a trh práce 
610 2 0 |a nezamestnanosť 
610 2 0 |a zdroje ľudské 
610 2 0 |a vzdelávanie ďalšie 
610 2 0 |a vzdelávanie dospelých 
100 1 |a Matulčíková, Marta, 1964-